2014 BBC Sports Personality of the Year Award - Statistics

General Stats
  • This quiz has been taken 14 times
  • The average score is 5 of 10
Answer Stats
Position Sport Sportsperson % Correct
1st Forumla One Lewis Hamilton
100%
2nd Golf Rory McIlroy
71%
10th Swimming Adam Peaty
50%
7th Gymnastics Max Whitlock
50%
4th Dressage Charlotte Dujardin
43%
6th Skeleton Elizabeth Yarnold
43%
8th Football Gareth Bale
36%
9th Boxing Carl Froch
21%
3rd Athletics Jo Pavey
21%
5th Alpine skiing Kelly Gallagher & Charlotte Evans
14%
No matching quizzes found
Score Distribution
Percent of People with Each Score
Percentile by Number Answered
Your Score History
You have not taken this quiz